Quiz mathématique rapide, juste un petit quiz 12 - Statistiques

Statistiques générales
  • Ce quiz a été pris 163 fois
  • Le résultat moyen est 13 sur 15
Statistiques - réponses
Hint Réponse % Correct
4 x 9 = 36
99%
8 x 9 = 72
99%
3 x 9 = 27
96%
1 x 9 = 9
95%
2 x 9 = 18
93%
9 x 9 = 81
92%
6 x 9 = 54
90%
10 x 9 = 90
89%
5 x 9 = 45
88%
7 x 9 = 63
87%
11 x 9 = 99
86%
12 x 9 = 108
84%
15 x 9 = 135
70%
14 x 9 = 126
66%
13 x 9 = 117
63%
Aucun quiz correspondant
Distribution des résultats
% des personnes avec chaque résultat
Percentile par nombre de réponses
Votre historique - résultats
Vous n’avez pas pris ce quiz